[Event "FICGS class A 000113 email"]
[Site "FICGS email"]
[Date "2011.12.17"]
[Round "1"]
[White "Panov, Dmitriy"]
[Black "Steenbeek, Adri"]
[Result "1/2-1/2"]
[WhiteElo "2037"]
[BlackElo "2025"]
[PlyCount "43"]
[EventDate "2011.??.??"]
[EventType "tourn (corr)"]
[EventRounds "6"]
[SourceTitle "Corr 2022"]
[Source "ChessBase"]
[SourceDate "2021.10.24"]
[SourceVersion "1"]
[SourceVersionDate "2021.10.24"]
[SourceQuality "1"]

1. e4 c5 2. c3 Nf6 3. e5 Nd5 4. d4 cxd4 5. cxd4 d6 6. Nf3 Nc6 7. Bc4 Nb6 8. Bb5 dxe5 9. Nxe5 Bd7 10. Bxc6 Bxc6 11. Nxc6 bxc6 12. 0-0 e6 13. Nc3 Be7 14. Bf4 0-0 15. Rc1 Bd6 16. Be5 Bxe5 17. dxe5 Qxd1 18. Nxd1 Rfd8 19. Rxc6 Rd2 20. Rc7 h6 21. g3 a5 22. Rc6 1/2-1/2

[Event "FICGS rapid A 000111 email"]
[Site "FICGS email"]
[Date "2011.07.25"]
[Round "1"]
[White "Steenbeek, Adri"]
[Black "Domingo Gadea, Jordi"]
[Result "1-0"]
[WhiteElo "1985"]
[BlackElo "1920"]
[PlyCount "69"]
[EventDate "2011.??.??"]
[EventType "tourn (rapid)"]
[EventRounds "6"]
[SourceTitle "Corr 2013"]
[Source "ChessBase"]
[SourceDate "2012.11.12"]
[SourceVersion "1"]
[SourceVersionDate "2012.11.12"]
[SourceQuality "1"]

1. e4 h6 2. d4 c5 3. Nf3 g5 4. dxc5 Nc6 5. h4 g4 6. Nd4 Nf6 7. Nc3 Qa5 8. Nb3 Qc7 9. Be3 Bg7 10. Nd4 b6 11. Ndb5 Qe5 12. f4 gxf3 13. gxf3 a6 14. f4 Qb8 15. Rg1 axb5 16. Rxg7 bxc5 17. e5 b4 18. Nb5 Nxe5 19. fxe5 Qxe5 20. Qf3 Kf8 21. Rg2 Bb7 22. Qg3 Ng4 23. Qxe5 Nxe5 24. Rg3 d6 25. 0-0-0 Rxa2 26. Kb1 Ra8 27. Nxd6 Rd8 28. Bxc5 f6 29. Rgd3 Nxd3 30. Nxb7 Rb8 31. Bxd3 Rxb7 32. b3 Kf7 33. Rg1 Rd8 34. Bg6+ Kf8 35. Be3 1-0

[Event "FICGS rapid A 000106 email"]
[Site "FICGS email"]
[Date "2011.06.06"]
[Round "1"]
[White "Cade, Stephen"]
[Black "Steenbeek, Adri"]
[Result "1/2-1/2"]
[WhiteElo "2022"]
[BlackElo "1929"]
[PlyCount "68"]
[EventDate "2011.??.??"]
[EventType "tourn (rapid)"]
[EventRounds "6"]
[SourceTitle "Corr 2022"]
[Source "ChessBase"]
[SourceDate "2021.10.24"]
[SourceVersion "1"]
[SourceVersionDate "2021.10.24"]
[SourceQuality "1"]

1. d4 d5 2. c4 c6 3. Nf3 Nf6 4. Nc3 e6 5. Bg5 h6 6. Bh4 dxc4 7. e4 g5 8. Bg3 b5 9. Be2 Bb7 10. h4 g4 11. Ne5 Nbd7 12. Nxd7 Qxd7 13. Be5 Qe7 14. 0-0 Rg8 15. b3 Nd7 16. Bg3 b4 17. Na4 c3 18. Qd3 h5 19. a3 a5 20. Rfd1 Rg6 21. Qc2 Bh6 22. Nc5 Nxc5 23. dxc5 e5 24. axb4 axb4 25. Rxa8+ Bxa8 26. Qa2 Bb7 27. Qa7 Qc7 28. Bxe5 Qxe5 29. Qxb7 Kf8 30. Bc4 Rf6 31. Rd8+ Kg7 32. Qc8 Rxf2 33. Kxf2 g3+ 34. Ke1 Qxe4+ 1/2-1/2

[Event "FICGS rapid A 000106 email"]
[Site "FICGS email"]
[Date "2011.06.06"]
[Round "1"]
[White "Steenbeek, Adri"]
[Black "Kasznia, Ireneusz"]
[Result "1-0"]
[WhiteElo "1929"]
[BlackElo "1918"]
[PlyCount "97"]
[EventDate "2011.??.??"]
[EventType "tourn (rapid)"]
[EventRounds "6"]
[SourceTitle "Corr 2013"]
[Source "ChessBase"]
[SourceDate "2012.11.12"]
[SourceVersion "1"]
[SourceVersionDate "2012.11.12"]
[SourceQuality "1"]

1. d4 Nf6 2. c4 e6 3. Nc3 d5 4. cxd5 exd5 5. Bg5 c6 6. e3 h6 7. Bh4 Bd6 8. Bd3 0-0 9. Nge2 Re8 10. h3 Nbd7 11. Qc2 Qe7 12. 0-0 Nb6 13. Rac1 Bd7 14. a3 Rad8 15. Nb1 Rc8 16. Nd2 c5 17. dxc5 Bxc5 18. Qb1 Bd6 19. Rxc8 Rxc8 20. Rc1 Rxc1+ 21. Qxc1 Na4 22. b4 g5 23. Bg3 Bxg3 24. Nxg3 Qe5 25. Nf3 Qc3 26. Qxc3 Nxc3 27. Nd4 Kf8 28. Ngf5 h5 29. Kf1 Ne8 30. Ke1 a6 31. f4 g4 32. h4 Na4 33. Kd2 Nb6 34. Kc3 Na4+ 35. Kc2 Bxf5 36. Nxf5 b5 37. Kd2 Ng7 38. Nxg7 Kxg7 39. e4 Kf6 40. e5+ Ke6 41. Kc2 f5 42. Be2 Nb6 43. Kc3 Nc8 44. g3 Ne7 45. Bf1 Nc6 46. Bg2 a5 47. Bf1 axb4+ 48. axb4 d4+ 49. Kb3 1-0

[Event "FICGS rapid B 000173 email"]
[Site "FICGS email"]
[Date "2011.01.27"]
[Round "1"]
[White "Steenbeek, Adri"]
[Black "Sternik, Ryszard"]
[Result "1-0"]
[WhiteElo "1800"]
[BlackElo "1833"]
[PlyCount "71"]
[EventDate "2011.??.??"]
[EventType "tourn (rapid)"]
[EventRounds "6"]
[SourceTitle "Corr 2013"]
[Source "ChessBase"]
[SourceDate "2012.11.12"]
[SourceVersion "1"]
[SourceVersionDate "2012.11.12"]
[SourceQuality "1"]

1. e4 e5 2. Nf3 Nc6 3. Bb5 a6 4. Ba4 Nf6 5. 0-0 Nxe4 6. d4 b5 7. Bb3 d5 8. dxe5 Be6 9. Nbd2 Nc5 10. c3 Nxb3 11. Nxb3 Be7 12. Nfd4 Qd7 13. Nxc6 Qxc6 14. Be3 0-0 15. f4 Qd7 16. Bc5 Rfe8 17. h3 Bf5 18. Bxe7 Rxe7 19. Qd4 Qc6 20. Nc5 Rd8 21. g4 Bc8 22. f5 Qh6 23. Kg2 Qh4 24. b4 Rde8 25. Rae1 c6 26. Re3 g6 27. e6 fxe6 28. f6 Rf7 29. Nd3 Ref8 30. Ref3 Qg5 31. Rf4 Bb7 32. Kg3 Qh6 33. Ne5 Kh8 34. h4 g5 35. hxg5 Qxg5 36. Rh1 1-0

[Event "FICGS rapid B 000173 email"]
[Site "FICGS email"]
[Date "2011.01.27"]
[Round "1"]
[White "Steenbeek, Adri"]
[Black "Von Buttlar, Paul"]
[Result "1-0"]
[WhiteElo "1800"]
[BlackElo "1718"]
[PlyCount "49"]
[EventDate "2011.??.??"]
[EventType "tourn (rapid)"]
[EventRounds "6"]
[SourceTitle "Corr 2013"]
[Source "ChessBase"]
[SourceDate "2012.11.12"]
[SourceVersion "1"]
[SourceVersionDate "2012.11.12"]
[SourceQuality "1"]

1. d4 d5 2. c4 c6 3. Nf3 Nf6 4. Nc3 e6 5. e3 Nbd7 6. Qc2 Bd6 7. Bd3 0-0 8. 0-0 dxc4 9. Bxc4 b5 10. Be2 Bb7 11. Rd1 a6 12. e4 Bc7 13. e5 Nd5 14. Nxd5 cxd5 15. Ng5 f5 16. Nxe6 Qb8 17. Qxc7 Qxc7 18. Nxc7 Rac8 19. Ne6 Rfe8 20. Nf4 g6 21. Bd2 Rc2 22. Bd3 Rc7 23. Rdc1 Rec8 24. Rxc7 Rxc7 25. a4 1-0